| 000 | 00735nam a2200193 4500 | ||
|---|---|---|---|
| 001 | 132765 | ||
| 003 | ES-MaACL | ||
| 005 | 20230906194238.0 | ||
| 007 | t| | ||
| 008 | 070214s1931 fr r ||||1| fre d | ||
| 100 | 1 |
_aRosa, Daniel. _999600 |
|
| 245 | 1 | 2 |
_aL'Ologénèse _b: nouvelle théorie de l'évolution et de la distribution géographique des êtres vivants / Daniel Rosa ; adapté de l'italien par l'auteur / _cDaniel Rosa ; adapté de l'italien par l'auteur. |
| 260 |
_aParis : _bLibraire Félix Alcan, _c1931. |
||
| 300 |
_a368 p. ; _c23 x 14 cm. |
||
| 490 | 1 | _aBibliotheque de Philosophie Contemporaine | |
| 830 | 0 |
_aBibliotheque de Philosophie Contemporaine _9181027 |
|
| 852 |
_aES-MaACL _jA-722 |
||
| 999 |
_c132765 _d132765 |
||